MARC

LEADER 00000nam0a2200000 4500
001 66297
005 20231031071447.0
035 |a (RuTPU)RU\TPU\book\70463 
090 |a 66297 
100 |a 20040812d1982 km y0rusy50 ca 
101 0 |a rus 
102 |a RU 
105 |a y e 001zd 
200 1 |a Краткий словарь по философии  |f Н. И. Азаров [и др.] 
205 |a 4-е изд. 
210 |a Москва  |c Политиздат  |d 1982 
215 |a 440 с. 
300 |a Авторы указаны в конце книги. 
320 |a Указ. имен: с. 406-426. 
320 |a Указ. статей: с. 427-431. 
610 1 |a философия 
610 1 |a термины 
610 1 |a определения 
610 1 |a персоналии 
610 1 |a терминологические словари 
686 |a Юя21  |v LBC/SL-A  |2 rubbk 
701 1 |a Азаров  |b Н. И. 
701 1 |a Айзикович  |b А. С. 
701 1 |a Аникеев  |b Н. П. 
701 1 |a Анцыферова  |b Л. И. 
701 1 |a Арзаканьянц  |b Ц. Г. 
701 1 |a Афанасьев  |b В. Г. 
701 1 |a Баженов  |b Л. Б. 
801 1 |a RU  |b 63413507  |c 20020319  |g PSBO 
801 2 |a RU  |b 63413507  |c 20221006  |g PSBO 
942 |c BK